=LDR 00000nam 2200000 4500 =001 INLIS000000000016131 =005 20200716030438 =035 ##$$a 0010-061300000016131 =008 200716################g##########0#ind## =041 ##$$a Ind =082 ##$$a 2x6.4 =090 ##$$a 2x6.4, Men m =245 ##$$a Menakar "Harga" perempuan, : $b Eksplorasi lanjut atas hak-hak reproduksi perempuan dalam islam, /$c editor, Syafiq Hasyim =260 ##$$a Bandung :$b Mizan media,$c 1999 =300 ##$$a 288 hlm., ; $c 15 x 22,5 =650 #4$$a Islam - kedudukan wanita =700 #$$a Syafiq Hasyim =850 ##$$a NBPNMAT =020 ##$$a 979-433-206-2 =084 ##$$a 2x6.4 MEN m =520 ##$$a Bibliografi : hlm, 281-283 =520 ##$$a Indeks : hlm, 285-288 =990 ##$$a 10404041 =990 ##$$a 142.931/pro-99 =990 ##$$a 1202001770